00209nam a2200085Ia 4500008004100000041000800041100001900049245001900068260003600087231107s1990 xx 000 0 und d aeng aFutagawa Yukio aGA Document-27 aTokyobA.D.A. Editta pub.c1990